000 03820nam a22002777a 4500
003 NALT
005 20251125233109.0
008 s2555 th ||||| |||| 00| 0 tha d
040 _a์NALT
090 _aKD 211.1
_bส226ร 2555
110 2 _aสำนักงานเลขาธิการสภาผู้แทนราษฎร.
_bสำนักประชาสัมพันธ์.
_bกลุ่มงานผลิตเอกสาร
_914512
245 1 0 _aระบบงานรัฐสภา 2555 /
_cกลุ่มงานผลิตเอกสาร สำนักประชาสัมพันธ์ สำนักงานเลขาธิการสภาผู้แทนราษฎร.
250 _aพิมพ์ครั้งที่ 1.
260 _aกรุงเทพฯ :
_bสำนักการพิมพ์ สำนักงานเลขาธิการสภาผู้แทนราษฎร,
_c2555.
300 _a205 หน้า :
_bแผนภูมิ ;
_c21 ซม.
505 0 _aโครงสร้างรัฐสภา -- อำนาจหน้าที่ของรัฐสภา -- ความสัมพันธ์ระหว่างฝ่ายนิติบัญญัติกับฝ่ายบริหาร -- อำนาจหน้าที่และบทบาทของประธานสภา -- การประชุมสภา -- ญัตติ -- การตราพระราชบัญญัติประกอบรัฐธรรมนูญ -- การตราพระราชบัญญัติ -- การควบคุมการตรากฎหมายที่ขัดหรือแย้งต่อรัฐธรรมนูญ -- การแก้ไขเพิ่มเติมรัฐธรรมนูญ -- การยกร่างพระราชบัญญัติ -- การตราพระราชกำหนด -- กระทู้ถาม -- การพิจารณาให้ความเห็นชอบนายกรัฐมนตรี -- การเปิดอภิปรายทั่วไป -- กรรมาธิการ -- เอกสิทธิ์ -- ศาลรัฐธรรมนูญ -- ศาลปกครอง -- คณะกรรมการการเลือกตั้ง -- ผู้ตราจการแผ่นดิน -- คณะกรรมการป้องกันและปราบปรามการทุจริตแห่งชาติ (ป.ป.ช.) -- คณะกรรมการตรวจเงินแผ่นดิน -- คณะกรรมการสิทธิมนุษยชนแห่งชาติ -- การตรวจสอบทรัพย์สิน -- การกระทำที่เป็นการขัดกันแห่งผลประโยชน์ -- การถอดถอนจากตำแหน่ง -- การดำเนินคดีอาญากับผู้ดำรงตำแหน่งทางการเมือง -- จริยธรรมของผู้ดำรงตำแหน่งทางการเมือง.
650 4 _aการแก้ไขรัฐธรรมนูญ
_99580
650 4 _aรัฐสภา
_zไทย
_xประวัติ
_965326
650 4 _aการประชุมรัฐสภา
_936235
653 4 _aการตราพระราชบัญญัติ
653 4 _aประธานรัฐสภา
850 _aNALT
856 4 0 _uhttps://hdl.handle.net/20.500.14156/334913
942 _cLB
_2local
999 _c66359
_d66359
998 _j104
_k นางสาวสายฝน ดีงาม